| 000 | 00787nam a2200265Ia 4500 | ||
|---|---|---|---|
| 001 | Para_6670 | ||
| 003 | CHAP | ||
| 008 | 220125s1964 xx 000 0 und d | ||
| 010 | _a205517 | ||
| 040 | _cCHAP | ||
| 090 | _aPA FOLLETO 663 | ||
| 110 |
_aENA. Departamento de Parasitología _9170177 |
||
| 245 |
_aMemoria del día del Parasitólogo 1964 / _c por UACh. Departamento Parasitología Agrícola |
||
| 260 |
_aChapingo, Méx. : _b El Departamento |
||
| 300 | _a61 p. | ||
| 650 |
_aParasitología _x congresos _985470 |
||
| 650 |
_aParasitología _x estudio y enseñanza _985471 |
||
| 901 | _aPA FOLLETO 663 | ||
| 902 | _aA | ||
| 905 | _a0000001964 0000000000 00 | ||
| 910 | _a1964 | ||
| 942 | _cPARA | ||
| 942 |
_cPARA _d1 |
||
| 999 |
_c205517 _d205517 |
||